书目信息 |
| 题名: |
向生与求死
|
|
| 作者: | 王学斌 著 | |
| 分册: | ||
| 出版信息: | 北京 现代出版社 2016 |
|
| 页数: | 292页 | |
| 开本: | 24cm | |
| 丛书名: | 晚晴政坛笔记系列 | |
| 单 册: | ||
| 中图分类: | K827=52 , K252.05 | |
| 科图分类: | ||
| 主题词: | 政治人物--zheng zhi ren wu--人物研究--中国--清后期 , 清代历史事件--qing dai li shi shi jian--中国--清后期 | |
| 电子资源: | ||
| ISBN: | 978-7-5143-5282-5 | |
| 000 | 01353nam 2200325 450 | |
| 001 | 012017000077 | |
| 005 | 20180111085604.43 | |
| 010 | @a978-7-5143-5282-5@b@dCNY39.80 | |
| 100 | @a20160922d2016 em y0chiy0121 ea | |
| 101 | 0 | @achi |
| 102 | @aCN@b110000 | |
| 105 | @ac a 000yd | |
| 106 | @ar | |
| 200 | 1 | @a向生与求死@Axiang sheng yu qiu si@e晚清政坛的另类观察@f王学斌著@g |
| 210 | @a北京@c现代出版社@d2016 | |
| 215 | @a292页@c肖像@d24cm | |
| 225 | 2 | @a晚晴政坛笔记系列@Awan qing zheng tan bi ji xi lie |
| 314 | @a王学斌, 历史学博士, 文史作家。 | |
| 320 | @a有书目 (第289-292页) | |
| 330 | @a本书通过对数百万字的当事人珍贵日记、笔记等资料解读, 将二十余位有代表性的晚清重臣生死浮沉的命运进行了别具一格的解读, 力求破除单一的非黑即白的叙事逻辑, 或是简单的尔虞我诈的权谋解读, 而是从第一手资料重新构建这些重臣大吏的心路历程, 对他们的真实形象进行立体还原。同时, 也给读者展示出一个不一样的晚清历史图景。 | |
| 410 | 0 | @12001 @a晚晴政坛笔记系列 |
| 517 | 1 | @a晚清政坛的另类观察@Awan qing zheng tan de ling lei guan cha |
| 606 | 0 | @a政治人物@Azheng zhi ren wu@x人物研究@y中国@z清后期 |
| 606 | 0 | @a清代历史事件@Aqing dai li shi shi jian@y中国@z清后期 |
| 690 | @aK827=52@v5 | |
| 690 | @aK252.05@v5 | |
| 701 | 0 | @a王学斌@Awang xue bin@4著 |
| 801 | 0 | @aCN@b湖北三新@c20170406@g |
| 905 | @aBZT@dK827=52@e50 | |
| 906 | @dCNY39.80@n5@r1 | |
| 向生与求死:晚清政坛的另类观察/王学斌著.-北京:现代出版社,2016 |
| 292页:肖像;24cm.-(晚晴政坛笔记系列) |
| ISBN 978-7-5143-5282-5:CNY39.80 |
| 本书通过对数百万字的当事人珍贵日记、笔记等资料解读, 将二十余位有代表性的晚清重臣生死浮沉的命运进行了别具一格的解读, 力求破除单一的非黑即白的叙事逻辑, 或是简单的尔虞我诈的权谋解读, 而是从第一手资料重新构建这些重臣大吏的心路历程, 对他们的真实形象进行立体还原。同时, 也给读者展示出一个不一样的晚清历史图景。 |
| ● |
| 相关链接 |
|
|
|
正题名:向生与求死
索取号:K827=52/50
 
预约/预借
| 序号 | 登录号 | 条形码 | 馆藏地/架位号 | 状态 | 备注 |
| 1 | 846360 | 2000846360 | 第二书库/ [索取号:K827=52/50] | 在馆 | |
| 2 | 846361 | 2000846361 | 第二书库/ [索取号:K827=52/50] | 在馆 | |
| 3 | 846362 | 2000846362 | 第二书库/ [索取号:K827=52/50] | 在馆 |